| 000 | 00428cam a22001337a 4500 | ||
|---|---|---|---|
| 008 | 180718b1976 xxu||||| |||| 00| 0 eng d | ||
| 082 | _aR16x54 W119 | ||
| 100 | _aWadhera, Kiron | ||
| 245 |
_aNew bread winners: a study on the situation of young working women _cby Kiron Wadhera |
||
| 260 |
_aDelhi _bVishwa Yuvak Kendra _c1976 |
||
| 300 | _a377p. | ||
| 650 | _aWomen - Legal status - India | ||
| 650 | _aWomen - Employment - India | ||
| 999 |
_c356742 _d356742 |
||